5HLuxD.jpg

KING HENRY VIII SENIOR AND PRIMARY SCHOOL LIBRARY OPAC

The Ghost in the Atom : (Record no. 3761)

000 -LEADER
fixed length control field 00974cam a2200289 4500
001 - CONTROL NUMBER
control field 678804
003 - CONTROL NUMBER IDENTIFIER
control field OSt
005 - DATE AND TIME OF LATEST TRANSACTION
control field 20241022085452.0
008 - FIXED-LENGTH DATA ELEMENTS--GENERAL INFORMATION
fixed length control field 210820s20001993enka f b 001 0 eng d
010 ## - LIBRARY OF CONGRESS CONTROL NUMBER
LC control number 85025478
020 ## - INTERNATIONAL STANDARD BOOK NUMBER
International Standard Book Number 9780521457286
Qualifying information (pbk.)
040 ## - CATALOGING SOURCE
Original cataloging agency DLC
Language of cataloging eng
Modifying agency TWNTU
Transcribing agency KH8
042 ## - AUTHENTICATION CODE
Authentication code nbic
082 0# - DEWEY DECIMAL CLASSIFICATION NUMBER
Classification number 530.12 DAV
100 10 - MAIN ENTRY--PERSONAL NAME
Personal name Davies, P. C. W. ,
Relator term author.
245 14 - TITLE STATEMENT
Title The Ghost in the Atom :
Remainder of title A Discussion of the Mysteries of Quantum Physics /
Statement of responsibility, etc. by P. C. W. Davies, J.R. Brown.
246 30 - VARYING FORM OF TITLE
Title proper/short title A Discussion of the Mysteries of Quantum Physics.
250 ## - EDITION STATEMENT
Edition statement Canto ed.
260 0# - PUBLICATION, DISTRIBUTION, ETC.
Place of publication, distribution, etc. Cambridge [Cambridgeshire] ;
Name of publisher, distributor, etc. Cambridge University Press,
Date of publication, distribution, etc. 2000.
300 ## - PHYSICAL DESCRIPTION
Extent ix, 157 p. :
Other physical details ill. ;
Dimensions 22 cm.
500 ## - GENERAL NOTE
General note Reprint. Originally published: 1993.
504 ## - BIBLIOGRAPHY, ETC. NOTE
Bibliography, etc. note Includes bibliographical references and index.
650 #0 - SUBJECT ADDED ENTRY--TOPICAL TERM
Topical term or geographic name entry element Physicists
General subdivision Interviews.
650 #0 - SUBJECT ADDED ENTRY--TOPICAL TERM
Topical term or geographic name entry element Quantum theory.
700 10 - ADDED ENTRY--PERSONAL NAME
Personal name Brown, J. R.
Fuller form of name (Julian Russell),
Dates associated with a name 1957-
942 ## - ADDED ENTRY ELEMENTS (KOHA)
Source of classification or shelving scheme
Koha item type Books - Non Ficton
Holdings
Withdrawn status Lost status Source of classification or shelving scheme Damaged status Not for loan Collection code Permanent Location Current Location Shelving location Date acquired Full call number Barcode Date last seen Price effective from Koha item type
          Non-Fiction KH8 Senior School Library KH8 Senior School Library Non Fiction 2024-10-22 530.12 DAV 3KHSL000102106 2024-10-22 2024-10-22 Books - Non Ficton

Powered By KH8 IT Dept